000 005860000a22001930004500
041 0 _aSPA
082 0 4 _aG 377 M4788f
100 1 _aMücher, Gerhard
245 1 0 _aFe y educación a la luz del pensamiento católico actual / Gerhard Mücher ; Diorky, Traductor
260 _aSalamanca, España : Sígueme
300 _a279 Pag
440 0 _aBiblioteca de Psicología Pastoral
500 _aTítulo original : Glaube und erziehung
001 10155
942 _cBK
999 _c39849
_d39849
336 _atexto
_btxt
_2rdacontent
337 _2rdamedia
_asin mediación
_bn
338 _2rdacarrier
_avolumen
_bnc